[Event "28. Abierto Ciudad de Sevilla"]
[Site "Sevilla ESP"]
[Date "2003.01.10"]
[Round "1"]
[White "Palacios Llorente, Javier"]
[Black "Tiviakov, Sergei"]
[Result "0-1"]
[WhiteElo "1965"]
[BlackElo "2635"]
[PlyCount "48"]
[EventDate "2003.01.18"]
[EventType "swiss"]
[EventRounds "9"]
[EventCountry "ESP"]
[Source "lmi"]
[SourceDate "2003.01.10"]

1. e4 c5 2. Nf3 d6 3. d4 cxd4 4. Nxd4 Nf6 5. Nc3 g6 6. Be3 Bg7 7. f3 Nc6 8. Qd2
Bd7 9. O-O-O Rc8 10. Kb1 Ne5 11. h4 h5 12. Nd5 Nxd5 13. exd5 a6 14. Qb4 Qc7 15.
Qb3 b5 16. Bd3 Nc4 17. Bxc4 bxc4 18. Qc3 Qb7 19. Qe1 Qxd5 20. c3 O-O 21. g4
hxg4 22. Qg3 e5 23. fxg4 exd4 24. Bf4 Qe4+ 0-1

[Event "28. Abierto Ciudad de Sevilla"]
[Site "Sevilla ESP"]
[Date "2003.01.10"]
[Round "1"]
[White "Xu, Jun"]
[Black "Serrano Alvarez, Jose M"]
[Result "1-0"]
[WhiteElo "2626"]
[BlackElo "1965"]
[PlyCount "51"]
[EventDate "2003.01.18"]
[EventType "swiss"]
[EventRounds "9"]
[EventCountry "ESP"]
[Source "lmi"]
[SourceDate "2003.01.10"]

1. d4 Nf6 2. c4 g6 3. Nc3 Bg7 4. e4 d6 5. Be2 O-O 6. Nf3 e5 7. O-O Nc6 8. d5
Ne7 9. b4 a5 10. Ba3 axb4 11. Bxb4 b6 12. a4 Nh5 13. a5 f5 14. axb6 Rxa1 15.
Qxa1 fxe4 16. Nxe4 Nf4 17. Bd1 Nf5 18. Qa3 Nh4 19. bxc7 Nxf3+ 20. Bxf3 Qxc7 21.
Bxd6 Qxc4 22. Bxf8 Bxf8 23. d6 Bf5 24. Rc1 Qb5 25. Qa2+ Be6 26. Qa7 1-0

[Event "28. Abierto Ciudad de Sevilla"]
[Site "Sevilla ESP"]
[Date "2003.01.10"]
[Round "1"]
[White "Ibarrola Ariño, Jose L"]
[Black "Korneev, Oleg"]
[Result "0-1"]
[WhiteElo "1947"]
[BlackElo "2613"]
[PlyCount "62"]
[EventDate "2003.01.18"]
[EventType "swiss"]
[EventRounds "9"]
[EventCountry "ESP"]
[Source "lmi"]
[SourceDate "2003.01.10"]

1. Nf3 d5 2. d4 Nf6 3. c4 e6 4. g3 dxc4 5. Bg2 a6 6. O-O Nc6 7. a4 Rb8 8. Ne5
Nxe5 9. dxe5 Qxd1 10. Rxd1 Nd7 11. f4 Bc5+ 12. Kf1 f6 13. exf6 Nxf6 14. e4 e5
15. Na3 Be6 16. f5 Bf7 17. Bf3 h5 18. Bg5 Ke7 19. Rac1 b5 20. Be2 c6 21. axb5
axb5 22. Nb1 Rhd8 23. Rxd8 Kxd8 24. b3 Kc7 25. Bxf6 gxf6 26. bxc4 b4 27. Nd2 b3
28. Rb1 b2 29. Bd1 Be3 30. Ke2 Bh6 31. c5 Ba2 0-1

[Event "28. Abierto Ciudad de Sevilla"]
[Site "Sevilla ESP"]
[Date "2003.01.10"]
[Round "1"]
[White "Rustemov, Alexander"]
[Black "De Bordons Alba, Cesar"]
[Result "1-0"]
[WhiteElo "2604"]
[BlackElo "1946"]
[PlyCount "73"]
[EventDate "2003.01.18"]
[EventType "swiss"]
[EventRounds "9"]
[EventCountry "ESP"]
[Source "lmi"]
[SourceDate "2003.01.10"]

1. e4 c5 2. Nf3 d6 3. d4 cxd4 4. Nxd4 Nf6 5. Nc3 a6 6. f3 e6 7. Be3 Nc6 8. Qd2
d5 9. exd5 Nxd5 10. Nxd5 Qxd5 11. c4 Qa5 12. Nxc6 Qxd2+ 13. Kxd2 bxc6 14. Bd3
Rb8 15. Kc2 c5 16. Bf4 Rb6 17. Bc7 Rc6 18. Ba5 f5 19. a3 Bd6 20. b4 cxb4 21.
axb4 Ke7 22. c5 Be5 23. Ra3 Bb7 24. Bb6 Ra8 25. Re1 Kf6 26. h3 g5 27. Kb3 h5
28. Re2 Bc7 29. Bxc7 Rxc7 30. Bc4 Bd5 31. Bxd5 exd5 32. Kc3 Re7 33. Rxe7 Kxe7
34. b5 Rc8 35. bxa6 Rxc5+ 36. Kd4 Rc4+ 37. Kxd5 1-0

[Event "28. Abierto Ciudad de Sevilla"]
[Site "Sevilla ESP"]
[Date "2003.01.10"]
[Round "1"]
[White "Lalic, Bogdan"]
[Black "Espinosa Luna, Jose M"]
[Result "1-0"]
[WhiteElo "2547"]
[BlackElo "1944"]
[PlyCount "73"]
[EventDate "2003.01.18"]
[EventType "swiss"]
[EventRounds "9"]
[EventCountry "ESP"]
[Source "lmi"]
[SourceDate "2003.01.10"]

1. c4 Nf6 2. Nc3 e6 3. e4 c5 4. e5 Ng8 5. d4 cxd4 6. Qxd4 Nc6 7. Qe4 g6 8. Nf3
Bg7 9. Nb5 Bf8 10. Bd3 a6 11. Nc3 Bg7 12. O-O Nge7 13. c5 b5 14. Qe2 Qc7 15.
Bf4 Bb7 16. Ne4 O-O 17. Nd6 Nb4 18. Rfc1 Nxd3 19. Qxd3 Nd5 20. Bg3 Ne7 21. Nd4
Bd5 22. Qe3 Nc6 23. Ne2 Qd8 24. Nc3 Ne7 25. Bh4 f6 26. exf6 Bxf6 27. Bxf6 Rxf6
28. Nce4 Bxe4 29. Qxe4 Nd5 30. g3 Qf8 31. f4 Qg7 32. c6 dxc6 33. Rxc6 Qd7 34.
Rac1 Rff8 35. Qe5 Rfd8 36. Ne4 Re8 37. Rc7 1-0

[Event "28. Abierto Ciudad de Sevilla"]
[Site "Sevilla ESP"]
[Date "2003.01.10"]
[Round "1"]
[White "Hidalgo Paniagua, Fermin"]
[Black "Rausis, Igors"]
[Result "0-1"]
[WhiteElo "1944"]
[BlackElo "2541"]
[PlyCount "58"]
[EventDate "2003.01.18"]
[EventType "swiss"]
[EventRounds "9"]
[EventCountry "ESP"]
[Source "lmi"]
[SourceDate "2003.01.10"]

1. e4 c6 2. d4 d5 3. Nc3 dxe4 4. Nxe4 Bf5 5. Ng3 Bg6 6. h4 h6 7. Nf3 Nf6 8. Ne5
Bh7 9. Bd3 Bxd3 10. Qxd3 Nbd7 11. f4 e6 12. Bd2 Be7 13. O-O-O O-O 14. Ne2 c5
15. Kb1 Rc8 16. Qf3 cxd4 17. Nxd4 Nxe5 18. fxe5 Qxd4 19. exf6 Qxf6 20. Qb3 Qg6
21. Bc3 Bf6 22. h5 Qg5 23. Bd2 Qg4 24. Be3 Rfd8 25. Rdf1 Rd5 26. Qxb7 Rxc2 27.
Rxf6 gxf6 28. Bxh6 Qe4 29. Qb8+ Rc8+ 0-1

[Event "28. Abierto Ciudad de Sevilla"]
[Site "Sevilla ESP"]
[Date "2003.01.10"]
[Round "1"]
[White "Mirzoev, Azer"]
[Black "Gonzalez Amaya, Milan"]
[Result "1-0"]
[WhiteElo "2533"]
[BlackElo "1940"]
[PlyCount "67"]
[EventDate "2003.01.18"]
[EventType "swiss"]
[EventRounds "9"]
[EventCountry "ESP"]
[Source "lmi"]
[SourceDate "2003.01.10"]

1. d4 Nf6 2. Nf3 g6 3. c4 Bg7 4. Nc3 d5 5. Bg5 Ne4 6. cxd5 Nxc3 7. bxc3 Qxd5 8.
Qb3 Qa5 9. e3 c5 10. Qb5+ Qxb5 11. Bxb5+ Bd7 12. Rb1 cxd4 13. cxd4 Bxb5 14.
Rxb5 b6 15. Ke2 Nc6 16. Rc1 Kd7 17. Rd5+ Ke6 18. e4 Rhc8 19. Bd2 h6 20. h4 Nd8
21. h5 Rxc1 22. Bxc1 Rc8 23. Bd2 Nb7 24. hxg6 fxg6 25. Kd3 Nd6 26. Ne5 g5 27.
g3 Bxe5 28. Rxe5+ Kf7 29. Bb4 Rc1 30. d5 Nc8 31. Re6 a5 32. Bd2 Rh1 33. Rc6 Nd6
34. e5 1-0

[Event "28. Abierto Ciudad de Sevilla"]
[Site "Sevilla ESP"]
[Date "2003.01.10"]
[Round "1"]
[White "Reguera Zayas, Antonio"]
[Black "Rizouk, Aimen"]
[Result "0-1"]
[WhiteElo "1940"]
[BlackElo "2519"]
[PlyCount "66"]
[EventDate "2003.01.18"]
[EventType "swiss"]
[EventRounds "9"]
[EventCountry "ESP"]
[Source "lmi"]
[SourceDate "2003.01.10"]

1. e4 e5 2. Nf3 Nc6 3. d4 exd4 4. Bc4 Bc5 5. Ng5 Nh6 6. Nxf7 Nxf7 7. Bxf7+ Kxf7
8. Qh5+ g6 9. Qd5+ Kg7 10. Qxc5 d5 11. Qxd5 Qxd5 12. exd5 Nb4 13. Na3 Re8+ 14.
Kd2 Nxd5 15. Nb5 c5 16. Re1 Rxe1 17. Kxe1 Bf5 18. Kd1 Rd8 19. Bg5 Rd7 20. Kd2
a6 21. Na3 b5 22. Re1 h6 23. Bh4 Kf7 24. Nb1 Nb4 25. Re5 c4 26. a4 Bxc2 27.
axb5 Bxb1 28. b6 Bf5 29. Rc5 c3+ 30. bxc3 dxc3+ 31. Kxc3 Nd5+ 32. Kb3 Nxb6 33.
Kb4 Rd4+ 0-1

[Event "28. Abierto Ciudad de Sevilla"]
[Site "Sevilla ESP"]
[Date "2003.01.10"]
[Round "1"]
[White "Pogorelov, Ruslan"]
[Black "Gonzalez Lara, Felix"]
[Result "1-0"]
[WhiteElo "2517"]
[BlackElo "1937"]
[PlyCount "43"]
[EventDate "2003.01.18"]
[EventType "swiss"]
[EventRounds "9"]
[EventCountry "ESP"]
[Source "lmi"]
[SourceDate "2003.01.10"]

1. Nf3 d5 2. d4 Bg4 3. Ne5 Bd7 4. c4 dxc4 5. e3 f6 6. Qh5+ g6 7. Nxg6 Bg4 8.
Qxg4 Nh6 9. Qh5 hxg6 10. Qxg6+ Kd7 11. Bxc4 e6 12. Qe4 Bb4+ 13. Bd2 Bxd2+ 14.
Nxd2 Qe7 15. Qxb7 Nc6 16. Bb5 Qd6 17. Rc1 Rab8 18. Qxc6+ Qxc6 19. Bxc6+ Ke7 20.
Ba4 Rhc8 21. b3 c6 22. Ke2 1-0

[Event "28. Abierto Ciudad de Sevilla"]
[Site "Sevilla ESP"]
[Date "2003.01.10"]
[Round "1"]
[White "Reina Luque, Rafael"]
[Black "Cifuentes Parada, Roberto"]
[Result "0-1"]
[WhiteElo "1934"]
[BlackElo "2506"]
[PlyCount "88"]
[EventDate "2003.01.18"]
[EventType "swiss"]
[EventRounds "9"]
[EventCountry "ESP"]
[Source "lmi"]
[SourceDate "2003.01.10"]

1. e4 c5 2. c3 d5 3. exd5 Qxd5 4. d4 Nf6 5. Nf3 e6 6. Be2 cxd4 7. cxd4 Be7 8.
Nc3 Qd6 9. Nb5 Qd8 10. Bf4 Nd5 11. Bxb8 Qa5+ 12. Nd2 Rxb8 13. O-O O-O 14. Nb3
Qb6 15. Nc3 Rd8 16. Bf3 Nxc3 17. bxc3 Qc7 18. Rc1 b5 19. Qe2 a5 20. Rfd1 Ba3
21. Rc2 Bd7 22. Qe3 Be8 23. Be4 Rbc8 24. f4 g6 25. g3 Qa7 26. Rd3 Rc7 27. Nd2
Be7 28. h4 Bf6 29. Nf3 Rdc8 30. Ne5 b4 31. Kh2 Bb5 32. Rdd2 Rxc3 33. Rxc3 Rxc3
34. Qe1 Qc7 35. h5 Rc1 36. Qf2 Bxe5 37. dxe5 Bc6 38. Qe3 Bxe4 39. Qxe4 gxh5 40.
Kh3 Kg7 41. Kh4 Qc3 42. Rh2 Re1 43. Qg2 Qe3 44. Kxh5 Rg1 0-1

[Event "28. Abierto Ciudad de Sevilla"]
[Site "Sevilla ESP"]
[Date "2003.01.10"]
[Round "1"]
[White "Morillo Velarde, Antonio"]
[Black "Li, Wenliang"]
[Result "0-1"]
[WhiteElo "1931"]
[BlackElo "2497"]
[PlyCount "50"]
[EventDate "2003.01.18"]
[EventType "swiss"]
[EventRounds "9"]
[EventCountry "ESP"]
[Source "lmi"]
[SourceDate "2003.01.10"]

1. e4 c6 2. Nf3 d5 3. Nc3 Bg4 4. h3 Bh5 5. exd5 cxd5 6. g4 Bg6 7. Bb5+ Nc6 8.
Ne5 Rc8 9. d4 e6 10. Bf4 Bd6 11. Qd2 Nge7 12. O-O-O a6 13. Bxc6+ Nxc6 14. Rhe1
Bb4 15. Nxg6 hxg6 16. Qd3 Na5 17. Rxe6+ fxe6 18. Qxg6+ Kd7 19. Re1 Qf6 20. Qxf6
gxf6 21. Bd2 Rxh3 22. Na4 Bxd2+ 23. Kxd2 Nc4+ 24. Kc1 Rch8 25. Nc5+ Kc8 0-1

[Event "28. Abierto Ciudad de Sevilla"]
[Site "Sevilla ESP"]
[Date "2003.01.10"]
[Round "1"]
[White "Wang, Yue"]
[Black "Salido Monge, Joaquin"]
[Result "1-0"]
[WhiteElo "2492"]
[BlackElo "1928"]
[PlyCount "43"]
[EventDate "2003.01.18"]
[EventType "swiss"]
[EventRounds "9"]
[EventCountry "ESP"]
[Source "lmi"]
[SourceDate "2003.01.10"]

1. d4 Nf6 2. Bg5 d5 3. Bxf6 exf6 4. e3 Bd6 5. c4 dxc4 6. Bxc4 O-O 7. Nc3 b6 8.
Qf3 c6 9. Nge2 Qc7 10. Bd3 Ba6 11. Be4 Nd7 12. Bxc6 Bxe2 13. Kxe2 Rac8 14. Bd5
b5 15. Rhc1 Qb6 16. Ne4 Rfe8 17. Qf5 Rc7 18. Bb3 Nf8 19. Qd5 Rd7 20. Rc6 Bb8
21. Rxb6 Rxd5 22. Rxb8 1-0

[Event "28. Abierto Ciudad de Sevilla"]
[Site "Sevilla ESP"]
[Date "2003.01.10"]
[Round "1"]
[White "Caballero Garcia, Lucas"]
[Black "Cabrera, Alexis"]
[Result "0-1"]
[WhiteElo "1927"]
[BlackElo "2478"]
[PlyCount "58"]
[EventDate "2003.01.18"]
[EventType "swiss"]
[EventRounds "9"]
[EventCountry "ESP"]
[Source "lmi"]
[SourceDate "2003.01.10"]

1. d4 Nf6 2. c4 g6 3. Nc3 Bg7 4. e4 d6 5. Nf3 O-O 6. Be2 c5 7. O-O cxd4 8. Nxd4
Nc6 9. Be3 Bd7 10. f3 Qb6 11. Qd2 Nxe4 12. Nxc6 Nxd2 13. Nxe7+ Kh8 14. Bxb6
Nxf1 15. Bf2 Bxc3 16. bxc3 Rae8 17. Nxg6+ fxg6 18. Bd4+ Kg8 19. Kxf1 b6 20. Re1
Rf5 21. Bd1 Ra5 22. Bb3 Rxe1+ 23. Kxe1 Ba4 24. Kf2 Bxb3 25. axb3 Ra2+ 26. Kg3
Rb2 27. b4 a5 28. Bxb6 a4 29. c5 dxc5 0-1

[Event "28. Abierto Ciudad de Sevilla"]
[Site "Sevilla ESP"]
[Date "2003.01.10"]
[Round "1"]
[White "Cheparinov, Ivan"]
[Black "Ballesteros Borondo, Victor"]
[Result "1-0"]
[WhiteElo "2478"]
[BlackElo "1926"]
[PlyCount "65"]
[EventDate "2003.01.18"]
[EventType "swiss"]
[EventRounds "9"]
[EventCountry "ESP"]
[Source "lmi"]
[SourceDate "2003.01.10"]

1. e4 c5 2. Nf3 Nc6 3. d4 cxd4 4. Nxd4 Nf6 5. Nc3 e5 6. Ndb5 d6 7. Bg5 a6 8.
Na3 b5 9. Bxf6 gxf6 10. Nd5 f5 11. exf5 Bxf5 12. c3 Bg7 13. Nc2 O-O 14. Nce3
Be6 15. Bd3 f5 16. O-O Kh8 17. f4 e4 18. Bc2 b4 19. Kh1 bxc3 20. bxc3 Ne7 21.
Bb3 Nxd5 22. Bxd5 Bxd5 23. Nxd5 Qa5 24. Qd2 Rac8 25. Rab1 Rc6 26. Rb3 e3 27.
Nxe3 Bxc3 28. Qd3 Rfc8 29. Nxf5 Bf6 30. Nxd6 Qxa2 31. Nxc8 Rxc8 32. Rb7 Qc4 33.
Qxh7# 1-0

[Event "28. Abierto Ciudad de Sevilla"]
[Site "Sevilla ESP"]
[Date "2003.01.10"]
[Round "1"]
[White "Rios Camacho, Jose Antonio"]
[Black "Mellado Triviño, Juan"]
[Result "0-1"]
[WhiteElo "2462"]
[BlackElo "1922"]
[PlyCount "56"]
[EventDate "2003.01.18"]
[EventType "swiss"]
[EventRounds "9"]
[EventCountry "ESP"]
[Source "lmi"]
[SourceDate "2003.01.10"]

1. e4 d5 2. exd5 Nf6 3. Nf3 Nxd5 4. Bc4 Bg4 5. O-O Nc6 6. c3 e6 7. d4 Bd6 8.
Bxd5 exd5 9. Re1+ Ne7 10. Qa4+ c6 11. Ne5 Bf5 12. Qd1 f6 13. Ng4 Qc7 14. h3
O-O-O 15. Nd2 Kb8 16. b4 h5 17. Ne3 Bc8 18. a4 g5 19. b5 g4 20. hxg4 hxg4 21.
bxc6 Nxc6 22. Nxg4 Qh7 23. f3 Bxg4 24. fxg4 Bg3 25. Kf1 Qh1+ 26. Ke2 Rde8+ 27.
Kf3 Rxe1 28. Qc2 Bd6 0-1

[Event "28. Abierto Ciudad de Sevilla"]
[Site "Sevilla ESP"]
[Date "2003.01.10"]
[Round "1"]
[White "Matamoros Franco, Carlos S"]
[Black "Osca Castano, Francisco"]
[Result "1-0"]
[WhiteElo "2460"]
[BlackElo "1921"]
[PlyCount "64"]
[EventDate "2003.01.18"]
[EventType "swiss"]
[EventRounds "9"]
[EventCountry "ESP"]
[Source "lmi"]
[SourceDate "2003.01.10"]

1. d4 Nf6 2. c4 g6 3. Nc3 Bg7 4. e4 d6 5. Bd3 O-O 6. Nge2 Nc6 7. O-O Nh5 8. Be3
e5 9. d5 Nb4 10. Bb1 f5 11. exf5 Bxf5 12. Ne4 a5 13. Qd2 Qd7 14. f3 Bxe4 15.
Bxe4 Na6 16. Qxa5 Nc5 17. Qb5 Qxb5 18. cxb5 Nxe4 19. fxe4 Rxf1+ 20. Kxf1 Nf4
21. a4 Nd3 22. b3 b6 23. Rd1 Rf8+ 24. Kg1 Nf4 25. Bxf4 exf4 26. Kf2 g5 27. Kf3
h5 28. h3 Be5 29. Nd4 Bxd4 30. Rxd4 Re8 31. Rc4 Re7 32. b4 c5 1-0

[Event "28. Abierto Ciudad de Sevilla"]
[Site "Sevilla ESP"]
[Date "2003.01.10"]
[Round "1"]
[White "Saldaño Dayer, Horacio"]
[Black "Ocaña Navarro, Emilio"]
[Result "1-0"]
[WhiteElo "2442"]
[BlackElo "1911"]
[PlyCount "61"]
[EventDate "2003.01.18"]
[EventType "swiss"]
[EventRounds "9"]
[EventCountry "ESP"]
[Source "lmi"]
[SourceDate "2003.01.10"]

1. d4 Nf6 2. Nf3 g6 3. c4 Bg7 4. Nc3 d5 5. cxd5 Nxd5 6. e4 Nxc3 7. bxc3 c5 8.
Bb5+ Bd7 9. Bxd7+ Nxd7 10. O-O O-O 11. Rb1 Qc7 12. Bg5 Nb6 13. Qb3 cxd4 14.
cxd4 Qd6 15. a4 Qe6 16. Qxe6 fxe6 17. Rb4 Rac8 18. Bxe7 Rf4 19. a5 Nc4 20. Rc1
Rf7 21. Rbxc4 Rxc4 22. Rxc4 Rxe7 23. Rc8+ Kf7 24. Ng5+ Kf6 25. Nxh7+ Kf7 26.
Ng5+ Kf6 27. f4 Bh6 28. h4 Rd7 29. Kf2 Rxd4 30. Rc7 e5 31. Rf7# 1-0

[Event "28. Abierto Ciudad de Sevilla"]
[Site "Sevilla ESP"]
[Date "2003.01.10"]
[Round "1"]
[White "Portalo Ordoñez, Luis"]
[Black "Candela Perez, Jose"]
[Result "0-1"]
[WhiteElo "1910"]
[BlackElo "2432"]
[PlyCount "76"]
[EventDate "2003.01.18"]
[EventType "swiss"]
[EventRounds "9"]
[EventCountry "ESP"]
[Source "lmi"]
[SourceDate "2003.01.10"]

1. d4 Nf6 2. c4 g6 3. Nc3 Bg7 4. e4 d6 5. f3 O-O 6. Be3 e5 7. d5 Nh5 8. Qd2 f5
9. Bd3 Nf4 10. O-O-O Nxd3+ 11. Qxd3 Nd7 12. Nge2 a6 13. Kb1 b5 14. Rc1 b4 15.
Na4 Nf6 16. Bg5 Qe8 17. Bxf6 Bxf6 18. b3 Bd7 19. Nb2 a5 20. c5 Bb5 21. Qd1 fxe4
22. fxe4 Bg5 23. Rc2 Rf2 24. Nc1 Qf7 25. cxd6 cxd6 26. Qg4 Rxc2 27. Kxc2 Be3
28. Kb1 h5 29. Qf3 Qxf3 30. gxf3 Rf8 31. Nc4 Bxc4 32. bxc4 Rxf3 33. Nd3 Bd4 34.
Rd1 g5 35. Kc2 g4 36. Kb3 Rh3 37. Ka4 Rxh2 38. Kxa5 g3 0-1

[Event "28. Abierto Ciudad de Sevilla"]
[Site "Sevilla ESP"]
[Date "2003.01.10"]
[Round "1"]
[White "Campora Perez, Daniel"]
[Black "Cosano Montero, Jose Enrique"]
[Result "1-0"]
[WhiteElo "2505"]
[BlackElo "1932"]
[PlyCount "121"]
[EventDate "2003.01.18"]
[EventType "swiss"]
[EventRounds "9"]
[EventCountry "ESP"]
[Source "lmi"]
[SourceDate "2003.01.10"]

1. e4 c5 2. Nf3 e6 3. d4 cxd4 4. Nxd4 Nf6 5. Bd3 Nc6 6. Nxc6 dxc6 7. O-O Be7 8.
e5 Nd5 9. Qg4 g5 10. Rd1 Bd7 11. Nd2 Qc7 12. Nc4 O-O-O 13. a4 h5 14. Qe2 Kb8
15. Be4 Bc8 16. a5 f5 17. exf6 Bxf6 18. g3 h4 19. Be3 hxg3 20. fxg3 Nxe3 21.
Qxe3 Rxd1+ 22. Rxd1 Rd8 23. Rd3 Rxd3 24. Qxd3 Qd8 25. Qxd8 Bxd8 26. a6 Kc7 27.
axb7 Bxb7 28. Kg2 Bf6 29. b3 Bc3 30. Kf3 Ba6 31. Ne3 Kd6 32. h4 gxh4 33. gxh4
c5 34. Nd1 Bg7 35. c4 Bc8 36. h5 e5 37. Ne3 Bd7 38. Bf5 Bc6+ 39. Ke2 a5 40. Ng4
a4 41. h6 Bh8 42. bxa4 Bxa4 43. Nf2 Bc6 44. h7 Ke7 45. Be4 Bd7 46. Kd2 Be6 47.
Kc3 Bc8 48. Nd3 Kd6 49. Nc1 Ke7 50. Kd3 Kd6 51. Ke3 Ba6 52. Bd3 Bb7 53. Nb3 Bc6
54. Na5 Bg7 55. Be4 Bxe4 56. Kxe4 Bh8 57. Nb7+ Kc6 58. Nd8+ Kb6 59. Nf7 Bg7 60.
h8=Q Bxh8 61. Nxh8 1-0

[Event "28. Abierto Ciudad de Sevilla"]
[Site "Sevilla ESP"]
[Date "2003.01.10"]
[Round "1"]
[White "Valero Sanchez, Juan Manuel"]
[Black "Ivanov, Jordan"]
[Result "0-1"]
[WhiteElo "1914"]
[BlackElo "2446"]
[PlyCount "52"]
[EventDate "2003.01.18"]
[EventType "swiss"]
[EventRounds "9"]
[EventCountry "ESP"]
[Source "lmi"]
[SourceDate "2003.01.10"]

1. e4 c5 2. Nf3 e6 3. d4 cxd4 4. Nxd4 a6 5. Nc3 b5 6. a3 Bb7 7. Bd3 Qb6 8. Nf3
Qc7 9. Bd2 Nf6 10. Qe2 Nc6 11. h3 d6 12. Bf4 Be7 13. Bh2 O-O 14. O-O Rac8 15.
Rfe1 Nd7 16. e5 dxe5 17. Nxe5 Ncxe5 18. Bxh7+ Kxh7 19. Qh5+ Kg8 20. Bxe5 Nxe5
21. Rxe5 Bf6 22. Re3 Bd4 23. Rd3 Qe5 24. Qg4 Rc4 25. Qd1 Qg5 26. Rg3 Qxg3 0-1

[Event "28. Abierto Ciudad de Sevilla"]
[Site "Sevilla ESP"]
[Date "2003.01.11"]
[Round "2"]
[White "Rausis, Igors"]
[Black "Garrido Dominguez, Jesus"]
[Result "1/2-1/2"]
[WhiteElo "2541"]
[BlackElo "2137"]
[PlyCount "59"]
[EventDate "2003.01.18"]
[EventType "swiss"]
[EventRounds "9"]
[EventCountry "ESP"]
[Source "lmi"]
[SourceDate "2003.01.10"]

1. Nf3 f5 2. d4 Nf6 3. g3 g6 4. Bg2 Bg7 5. O-O O-O 6. c4 d6 7. Nc3 Nc6 8. d5
Ne5 9. Nxe5 dxe5 10. Qb3 e4 11. Rd1 a6 12. c5 Kh8 13. Na4 Qe8 14. Bf4 e5 15.
Bg5 Nxd5 16. Rxd5 Be6 17. Rad1 h6 18. Bc1 c6 19. Qxb7 Rb8 20. Rd7 Rxb7 21. Rxb7
Rf7 22. Rxf7 Bxf7 23. b3 Bf8 24. Bb2 Kh7 25. e3 Qb8 26. Bf1 a5 27. Bc3 Qc7 28.
Nb6 Bxc5 29. Rd7 Bxb6 30. Rxc7 1/2-1/2

[Event "28. Abierto Ciudad de Sevilla"]
[Site "Sevilla ESP"]
[Date "2003.01.11"]
[Round "2"]
[White "Cabrera, Alexis"]
[Black "Meana Fernandez-Palacios, Manuel"]
[Result "1-0"]
[WhiteElo "2478"]
[BlackElo "2066"]
[PlyCount "55"]
[EventDate "2003.01.18"]
[EventType "swiss"]
[EventRounds "9"]
[EventCountry "ESP"]
[Source "lmi"]
[SourceDate "2003.01.10"]

1. e4 e6 2. d4 b6 3. Nf3 Bb7 4. Bd3 Nf6 5. Nc3 Bb4 6. Bg5 h6 7. Bxf6 Qxf6 8.
O-O Bxc3 9. bxc3 g5 10. a4 Nc6 11. Qe2 a5 12. Rab1 h5 13. Qe3 g4 14. e5 Qh6 15.
Ng5 Ne7 16. c4 Rg8 17. Nh7 Qxe3 18. Nf6+ Kd8 19. fxe3 Rh8 20. Nh7 Ke8 21. Rf2
d5 22. c5 Bc6 23. Rbf1 Bxa4 24. Rxf7 Nf5 25. Rxc7 bxc5 26. Bxf5 Kd8 27. Rxc5
exf5 28. Nf6 1-0

[Event "28. Abierto Ciudad de Sevilla"]
[Site "Sevilla ESP"]
[Date "2003.01.11"]
[Round "2"]
[White "Candela Perez, Jose"]
[Black "Perez Perez, Manuel Angel"]
[Result "1-0"]
[WhiteElo "2432"]
[BlackElo "2044"]
[PlyCount "55"]
[EventDate "2003.01.18"]
[EventType "swiss"]
[EventRounds "9"]
[EventCountry "ESP"]
[Source "lmi"]
[SourceDate "2003.01.10"]

1. d4 d5 2. c4 e6 3. Nc3 c5 4. cxd5 exd5 5. Nf3 Nc6 6. g3 Nf6 7. Bg2 Be7 8. O-O
O-O 9. Bg5 c4 10. Ne5 Be6 11. Nxc6 bxc6 12. b3 Qa5 13. Bd2 Bb4 14. Qc2 Rac8 15.
bxc4 dxc4 16. a3 Bxc3 17. Bxc3 Qa6 18. e4 Rb8 19. Rfd1 Rfd8 20. d5 cxd5 21.
Bxf6 gxf6 22. exd5 Bd7 23. Rd4 Rdc8 24. Bf1 Rb3 25. Qxb3 cxb3 26. Bxa6 b2 27.
Rf1 Rc1 28. Rb4 1-0

[Event "28. Abierto Ciudad de Sevilla"]
[Site "Sevilla ESP"]
[Date "2003.01.11"]
[Round "2"]
[White "Pinkus, Lutz"]
[Black "Xu, Jun"]
[Result "1/2-1/2"]
[WhiteElo "2155"]
[BlackElo "2626"]
[PlyCount "59"]
[EventDate "2003.01.18"]
[EventType "swiss"]
[EventRounds "9"]
[EventCountry "ESP"]
[Source "lmi"]
[SourceDate "2003.01.10"]

1. e4 c5 2. c3 Nf6 3. e5 Nd5 4. d4 cxd4 5. Nf3 e6 6. cxd4 b6 7. Bd2 Bb7 8. Nc3
Nxc3 9. Bxc3 Be7 10. Bd3 O-O 11. h4 Bxf3 12. Qxf3 Nc6 13. Qe4 g6 14. h5 Nb4 15.
Bb1 Nd5 16. hxg6 hxg6 17. Qf3 Kg7 18. Be4 Rh8 19. Rxh8 Qxh8 20. Bxd5 exd5 21.
O-O-O b5 22. Qxd5 b4 23. Bd2 Rc8+ 24. Kb1 Qh5 25. Qf3 Qxf3 26. gxf3 d5 27. Rc1
Rxc1+ 28. Kxc1 a5 29. Kc2 a4 30. f4 1/2-1/2

[Event "28. Abierto Ciudad de Sevilla"]
[Site "Sevilla ESP"]
[Date "2003.01.11"]
[Round "2"]
[White "Korneev, Oleg"]
[Black "Gomez Cerezo, Diego Jesus"]
[Result "1-0"]
[WhiteElo "2613"]
[BlackElo "2151"]
[PlyCount "93"]
[EventDate "2003.01.18"]
[EventType "swiss"]
[EventRounds "9"]
[EventCountry "ESP"]
[Source "lmi"]
[SourceDate "2003.01.10"]

1. e4 e5 2. Nf3 Nc6 3. Bb5 a6 4. Ba4 Nf6 5. O-O Be7 6. Re1 b5 7. Bb3 d6 8. c3
O-O 9. h3 Na5 10. Bc2 c5 11. d4 Qc7 12. Nbd2 cxd4 13. cxd4 Bd7 14. Nf1 Rfc8 15.
Re2 Nc6 16. Be3 Nb4 17. Bb1 a5 18. a3 Na6 19. Ba2 Nxe4 20. dxe5 Nac5 21. Rc1 b4
22. Bf4 Qb6 23. Bd5 Bc6 24. Bxe4 Nxe4 25. exd6 Rd8 26. Qd4 Qb7 27. Rxc6 Qxc6
28. Qxe4 Qxe4 29. Rxe4 Bxd6 30. Bxd6 Rxd6 31. axb4 Rb6 32. bxa5 Rxb2 33. N3d2
f6 34. Ra4 Ra6 35. Nc4 Rb8 36. Kh2 Kf7 37. Nfd2 Rb5 38. Ra3 Rf5 39. f3 Rd5 40.
Rb3 Ra7 41. Rb6 Ke7 42. Ne4 f5 43. Ned6 Kd7 44. Nb5 Ra8 45. a6 Rc5 46. Rb7+ Kc6
47. Na5+ 1-0

[Event "28. Abierto Ciudad de Sevilla"]
[Site "Sevilla ESP"]
[Date "2003.01.11"]
[Round "2"]
[White "Barrios Muñoz, Antonio"]
[Black "Rustemov, Alexander"]
[Result "0-1"]
[WhiteElo "2149"]
[BlackElo "2604"]
[PlyCount "112"]
[EventDate "2003.01.18"]
[EventType "swiss"]
[EventRounds "9"]
[EventCountry "ESP"]
[Source "lmi"]
[SourceDate "2003.01.10"]

1. d4 Nf6 2. c4 e6 3. Nf3 c5 4. d5 d6 5. Nc3 exd5 6. cxd5 g6 7. g3 Bg7 8. Bg2
O-O 9. O-O a6 10. a4 Nbd7 11. h3 Rb8 12. Bf4 Qe7 13. g4 h5 14. g5 Ne8 15. Qd3
b6 16. Rab1 b5 17. axb5 axb5 18. Ne4 Nb6 19. Nxc5 Nc4 20. b3 Ne5 21. Bxe5 dxe5
22. Rfc1 Nd6 23. e4 b4 24. Qe3 Nb5 25. Nd3 Re8 26. Rc5 Nc3 27. Rc1 Ba6 28. Bf1
Bxd3 29. Bxd3 Qa7 30. Rc8 Qa3 31. Rxe8+ Rxe8 32. d6 Rd8 33. Rf1 Rxd6 34. Bc4
Qa5 35. Nh4 Rd4 36. Qf3 Qa7 37. Re1 Qe7 38. Kf1 Rxc4 39. bxc4 Qxg5 40. Ng2 Qd2
41. Qe3 Bh6 42. Qc5 b3 43. Qxe5 b2 44. Qb8+ Bf8 45. e5 Qd3+ 46. Kg1 b1=Q 47.
Rxb1 Qxb1+ 48. Qxb1 Nxb1 49. Nf4 Nd2 50. e6 Nxc4 51. Kg2 Bd6 52. exf7+ Kxf7 53.
Ne2 Kf6 54. h4 Be5 55. f4 Bb2 56. Kf3 Nd6 0-1